Comarques amb més població (Catalunya) - Statistics

General Stats
  • This quiz has been taken 108 times
  • The average score is 11 of 13
Answer Stats
Habitants Comarca % Correct
2.278.437 Barcelonès
100%
925.237 Vallès Occidental
99%
408.672 Vallès Oriental
99%
256.730 Tarragonès
97%
825.963 Baix Llobregat
94%
193.908 Gironès
94%
452.690 Maresme
94%
209.818 Segrià
93%
150.887 Garraf
89%
178.885 Bages
81%
190.973 Baix Camp
77%
160.821 Osona
71%
171.617 Selva
54%
No matching quizzes found
Score Distribution
Percent of People with Each Score
Percentile by Number Answered
Your Score History
You have not taken this quiz